| 000 -LEADER |
| fixed length control field |
01208 a2200313 4500 |
| 003 - CONTROL NUMBER IDENTIFIER |
| control field |
Nust |
| 005 - DATE AND TIME OF LATEST TRANSACTION |
| control field |
20220802100324.0 |
| 020 ## - INTERNATIONAL STANDARD BOOK NUMBER |
| International Standard Book Number |
1-85233-028-7 ; |
| 040 ## - CATALOGING SOURCE |
| Transcribing agency |
Nust |
| 082 ## - DEWEY DECIMAL CLASSIFICATION NUMBER |
| Classification number |
620.00285,PHA |
| 100 1# - MAIN ENTRY--PERSONAL NAME |
| Personal name |
Pham, D. T. |
| 9 (RLIN) |
96206 |
| 245 00 - TITLE STATEMENT |
| Title |
Intelligent optimisation techniques : |
| Remainder of title |
genetic algorithms, tabu search, simulated annealing and neural networks / |
| Statement of responsibility, etc. |
D.T. Pham and D. Karaboga |
| 260 ## - PUBLICATION, DISTRIBUTION, ETC. |
| Place of publication, distribution, etc. |
London : |
| Name of publisher, distributor, etc. |
Springer, |
| Date of publication, distribution, etc. |
cop. 2000 |
| 300 ## - PHYSICAL DESCRIPTION |
| Extent |
x, 302 s. : |
| Other physical details |
ill. |
| 505 ## - FORMATTED CONTENTS NOTE |
| Formatted contents note |
Introduction (Page-1), Genetic Algorithms (Page-51), Tabu Search (Page-149), Simulated Annealing (Page-187), Neural Networks (Page-219), |
| 650 #0 - SUBJECT ADDED ENTRY--TOPICAL TERM |
| Topical term or geographic name entry element |
Artificiell intelligens |
| 9 (RLIN) |
96207 |
| 650 #0 - SUBJECT ADDED ENTRY--TOPICAL TERM |
| Topical term or geographic name entry element |
Artificiell intelligens |
| 9 (RLIN) |
96207 |
| 650 #0 - SUBJECT ADDED ENTRY--TOPICAL TERM |
| Topical term or geographic name entry element |
Computer-aided engineering |
| 650 #0 - SUBJECT ADDED ENTRY--TOPICAL TERM |
| Topical term or geographic name entry element |
Engineering |
| General subdivision |
Data processing |
| 9 (RLIN) |
19414 |
| 650 #0 - SUBJECT ADDED ENTRY--TOPICAL TERM |
| Topical term or geographic name entry element |
Genetic algorithms |
| 650 #0 - SUBJECT ADDED ENTRY--TOPICAL TERM |
| Topical term or geographic name entry element |
Genetiska algoritmer |
| 9 (RLIN) |
96208 |
| 650 #0 - SUBJECT ADDED ENTRY--TOPICAL TERM |
| Topical term or geographic name entry element |
Heuristic programming |
| 9 (RLIN) |
82053 |
| 650 #0 - SUBJECT ADDED ENTRY--TOPICAL TERM |
| Topical term or geographic name entry element |
Neural networks (Computer science) |
| 9 (RLIN) |
18586 |
| 650 #0 - SUBJECT ADDED ENTRY--TOPICAL TERM |
| Topical term or geographic name entry element |
Neurala n�tverk: artificiella |
| 9 (RLIN) |
96209 |
| 650 #0 - SUBJECT ADDED ENTRY--TOPICAL TERM |
| Topical term or geographic name entry element |
Optimeringsmodeller |
| 9 (RLIN) |
96210 |
| 650 #0 - SUBJECT ADDED ENTRY--TOPICAL TERM |
| Topical term or geographic name entry element |
Simulated annealing (Mathematics) |
| 9 (RLIN) |
96211 |
| 700 1# - ADDED ENTRY--PERSONAL NAME |
| Personal name |
Karaboga, Dervis |
| 9 (RLIN) |
96212 |
| 942 ## - ADDED ENTRY ELEMENTS (KOHA) |
| Source of classification or shelving scheme |
|
| Koha item type |
Reference |